000
00273nam a22001217a 4500
999
_c
534348
_d
534348
040
_c
MSOHAIL
082
_a
923.55491
100
_a
Rao Rasheed
_9
9572
245
_a
Ju Mein Ney Deka
260
_a
Lahore
_b
Jamhori Publications
_c
c2010
300
_a
238;p
942
_2
ddc
_c
BK